00988cam a2200217 a 4500001000800000005001700008008004100025010001700066020003100083050002200114245014500136260004300281300003900324500012000363610004400483650007100527650002300598700002200621710007000643710005700713436302320170124145451.0900802r19911904nyua c 000 0 eng  a 90045633  a0486265315 (pbk.) :c$7.9500aNK2439.R87A4 199100aPorch, lawn, and cottage furniture :btwo complete catalogs, ca. 1904 and 1926 /cRustic Hickory Furniture Co. ; edited by Victor M. Linoff. aNew York :bDover Publications,c1991. av, 73 p. :bchiefly ill. ;c29 cm. aUnabridged republication of the catalogs entitled: Rustic Hickory Furniture Co., ca. 1904 and Rustic hickory, 1926.20aRustic Hickory Furniture Co.xCatalogs. 0aCountry furniturezUnited StatesxHistoryy20th centuryxCatalogs. 0aHickory furniture.1 aLinoff, Victor M.22aRustic Hickory Furniture Co.tRustic Hickory Furniture Co.f1991.22aRustic Hickory Furniture Co.tRustic hickory.f1991.